000 01853 a2200229 4500
001 54342
005 20260407155815.0
008 260407a1973 arg spa d
003 AR-UNSa-BCEJYS
040 _aAR-UNSa-BCEJYS
_bspa
_cAR-UNSa-BCEJYS
080 _a330
_xEconomía en general
245 1 0 _aCurso medio de economía
020 _a84-344-1967-X
250 _a2a. ed.
264 1 _aBarcelona :
_bAriel
_c1973
300 _axii, 546 p.
_c21 cm.
505 _aParte 1: Introducción - I. Objeto de la economía - Parte 2: El mecanismo de los precios - II. Los precios en el mercado libre - Parte 3: La demanda - III. Ampliaciones sobre la demanda - Parte 4: La oferta - IV. La oferta: Reunión de los factores de producción - V. La oferta: Decisión en torno del output más rentable - VI. La curva de oferta de la industria - Parte 5: Remuneración de los factores de producción - VII. Determinación del precio de los factores - VIII. Trabajo y salarios - IX. Capital e intereses - X. Tierra y renta - XI. Función empresarial y beneficio - Parte 6: El dinero,los bancos y las finanzas públicas - XII. El dinero y el tipo de interés - XIII. Bancos comerciales - XIV. El banco de Inglaterra - XV. Finanzas públicas - Parte 7: La renta nacional - XVI. La renta nacional - Parte 8: El pleno empleo - XVII. Naturaleza y causas del desempleo - XVIII. El empleo y la movilidad del trabajo - XIX. Fluctuaciones cíclicas de la renta y del empleo - Parte 9: El comercio internacional - XX. Naturaleza del comercio internacional - XXI. La balanza de pagos - XXII. Los tipos de cambio - XXIII. Corrección de los desequilibrios de la balanza de pagos - Parte 10: Problemas económicos corrientes - XXIV. Problemas económicos corrientes
041 _aspa
942 _cBK
590 _aniveau_biblio:m niveau_hierar:0
100 1 _aHarvey, Jack
999 _c5504
_d5504